Gramática de la lengua castellana / (Record no. 22174)

MARC details
000 -LEADER
campo de control de longitud fija 01109nam a2200301 i 4500
001 - NÚMERO DE CONTROL
campo de control 22174
003 - IDENTIFICADOR DE NÚMERO DE CONTROL
campo de control ES-MaACL
005 - FECHA Y HORA DE LA ÚLTIMA TRANSACCIÓN
campo de control 20251011063052.0
007 - CAMPO FIJO DE DESCRIPCIÓN FÍSICA--INFORMACIÓN GENERAL
campo de control de longitud fija t|
008 - DATOS DE LONGITUD FIJA--INFORMACIÓN GENERAL
campo de control de longitud fija 001011s1992 sp ||||1| spa d
020 ## - NÚMERO INTERNACIONAL ESTÁNDAR DEL LIBRO
Número Internacional Estándar del Libro 84-604-4962-9
080 ## - NÚMERO DE LA CLASIFICACIÓN DECIMAL UNIVERSAL
Número de la Clasificación Decimal Universal 811.134.2'36
100 1# - ENTRADA PRINCIPAL--NOMBRE DE PERSONA
Nombre de persona Nebrija, Antonio de,
Fechas asociadas al nombre 1444-1522
9 (RLIN) 85269
245 10 - MENCIÓN DEL TÍTULO
Título Gramática de la lengua castellana /
Mención de responsabilidad, etc. Antonio de Nebrija ; prólogo, Teresa D'Outreligne ; introducción y edición, Rafael Lozano ; con diez ilustraciones de Juan de Mena.
250 ## - MENCION DE EDICION
Mención de edición Ed. facs.
260 ## - PUBLICACIÓN, DISTRIBUCIÓN, ETC.
Lugar de publicación, distribución, etc. Madrid :
Nombre del editor, distribuidor, etc. Eurohemmer,
Fecha de publicación, distribución, etc. 1992.
300 ## - DESCRIPCIÓN FÍSICA
Extensión [300] p., [10] h. de lám. col. ;
Dimensiones 23 cm.
500 ## - NOTA GENERAL
Nota general Texto original y transcripción tipográfica.
534 ## - NOTA SOBRE LA VERSIÓN ORIGINAL
Frase introductoria Reprod. facs. de la ed. de:
Publicación, distribución, etc. del original Salamanca, 1492.
650 #4 - PUNTO DE ACCESO ADICIONAL DE MATERIA--TÉRMINO DE MATERIA
Término de materia o nombre geográfico como elemento de entrada Lengua española-
Subdivisión general Gramática-
Subdivisión de forma Obras anteriores a 1800.
9 (RLIN) 14163
655 #7 - TERMINO DE INDIZACIÓN--GENERO/FORMA
Fuente del término tgfbne
9 (RLIN) 226495
Datos o término principal de género/forma Facsímiles
700 1# - ENTRADA AGREGADA--NOMBRE PERSONAL
Nombre de persona D'Outreligne, Teresa.
9 (RLIN) 42385
700 1# - ENTRADA AGREGADA--NOMBRE PERSONAL
Nombre de persona Lozano, Rafael.
9 (RLIN) 74426
700 1# - ENTRADA AGREGADA--NOMBRE PERSONAL
Nombre de persona Spínola, Mayte,
Fechas asociadas al nombre 1943-
9 (RLIN) 107747
852 4# - LOCALIZACIÓN
Ubicación ES-MaACL
Número de control de estantería R-3052
Encuadernación Olim:
942 ## - ELEMENTOS DE ENTRADA SECUNDARIOS (KOHA)
Fuente del sistema de clasificación o colocación Clasificación decimal universal
Holdings
Estatus retirado Estado de pérdida Estado de daño No para préstamo Biblioteca de origen Biblioteca actual Ubicación en estantería Fecha de adquisición Fuente de adquisición Total de préstamos Signatura topográfica completa Código de barras Visto por última vez Precio de reemplazo Tipo de ítem Koha
        Biblioteca del Ateneo de Madrid Biblioteca del Ateneo de Madrid Depósito 17/01/2008     R-3052 1022810 23/02/2023 23/02/2023 Libro impreso